000 00503 a2200229 4500
260 _aParis
630 _a33 - Economie.économie politique
650 _a3 - SCIENCES SOCIALES
100 _aAbaraham-Frois, Gilbert
260 _bDalloz
245 _aDynamique économique
300 _a541p
650 _aEconomie : développement
260 _c1993
300 _b22 cm
100 _lFr
037 _a6644
250 _a7ème ed
020 _a2-247-01267-1
999 _c43895
_d43895